000 00281nam a22001337a 4500
008 170421b xxu||||| |||| 00| 0 eng d
020 _a9780534491437
041 _aeng
080 _211TH
_a573
100 _a11
101 _aSHM
245 _aBIOLOGY
_cSTARR, C
942 _2udc
_cBK
999 _c11459
_d11459